| 000 | 01096nam2a22003011 4500 | ||
|---|---|---|---|
| 001 | RU\NLR\A1SV\156433 | ||
| 005 | 20251214193213.0 | ||
| 035 | _a(NLR Aleph) 012520851 | ||
| 090 |
_a13494367 _c13494367 |
||
| 100 | _a20210427d1920 u y0rusy50 ca | ||
| 101 | 0 | _arus | |
| 200 | 1 | _aГрафика М.Меркушева, И.Плещинского, Н.Шикалова, Д.Федорова | |
| 210 | _d1920 | ||
| 215 | _a41, 3 л. ил. | ||
| 300 | _a30 нумер. экз. | ||
| 316 | _aЭкз. РГБ с автогр. Д.Федорова | ||
| 461 | 1 |
_1001RU\NLR\A1SV\156432 _12000#$v№ 1 _912323392 _cКазань _d1920-1922 _nГраф. коллектив при Исполкоме учащихся Казан. гос. художеств. мастерских _oГраф. альм. _tВсадник _v№ 1 |
|
| 702 | 1 |
_aМеркушев _bМ. |
|
| 702 | 1 |
_aПлещинский _bИ. |
|
| 702 | 1 |
_aШикалов _bН. |
|
| 702 | 1 |
_aФедоров _bД. |
|
| 801 | 0 |
_aRU _bNLR _c20210427 |
|
| 899 | _aРГБ | ||
| 899 | _aРГБ | ||
| 942 | _cBOOK | ||
| 980 | _aA1SV | ||
| 980 | _aNB | ||